000 00429nam a2200181Ia 4500
005 20250603145232.0
008 250603s9999 xx 000 0 und d
020 _a9789753152167
050 _aBP 130 .G85/
100 _aGülen, M. Fethullah
245 0 _aKur’ân’dan idrake yansıyanlar
260 _aİstanbul
260 _bNil Yayinlari
260 _c2007
300 _a479 p
650 _aİstanbul
942 _cBK
999 _c41272
_d41272